00505nam a2200157Ia 4500008004100000020001900041082001700060100002600077245005500103250001600158260002600174300001000200942001200210999001900222952010600241210430s9999 xx 000 0 und d a978-8126508273 a510 K 9211 A aErwin Kreyszig913321 aAdvanced Engineering Mathematics /cErwin Kreyszig a8th edition aNew yorkbWileyc1999 a1156p cBK2ddc c563689d563689 001040708NFICaSCMEbSCMEcGENd0006-08-11l0o510 K 9211 ApSCME-2856r2021-04-30w2021-04-30yBK